|
|
|
|
| LEADER |
00000cam a2200000 7i4500 |
| 001 |
0000003049 |
| 005 |
20040415.0 |
| 090 |
0 |
0 |
|a RP634.95
|b MAN 1954
|
| 245 |
0 |
2 |
|a A MANUAL of Malayan silviculture for inland lowland forests
|c compiled by R. C. Barnard
|
| 260 |
0 |
0 |
|a Kuala Lumpur :
|b Forest Department ,
|c 1954
|
| 300 |
|
|
|a viii, 199 p. ;
|c 34 cm.
|
| 440 |
0 |
0 |
|a Research pamphlet ; no. 14
|
| 500 |
0 |
0 |
|a Part 1 : A brief history of Malayan silviculture Part 3 : Natural regeneration Part 4 : Artificial regeneration
|
| 650 |
0 |
0 |
|a Silviculture
|z Malaysia
|
| 700 |
0 |
1 |
|a Barnard
|h R. C.
|
| 710 |
1 |
1 |
|a Forest Research Institute Malaysia (FRIM)
|
| 998 |
|
|
|a JPSM
|
| 999 |
|
|
|a 0000005381
|b Monograph
|c Open Shelf
|e Default branch
|
| 999 |
|
|
|a 0000005382
|b Monograph
|c Open Shelf
|e Default branch
|